000 00364pam a2200157a 44500
008 230515b2010 xxu||||| |||| 00| 0 eng d
020 _aNULL
041 _aENGLISH
082 _a610.73
100 _aJOYCE JAMES COLIN BAKER
245 _aPRINCIPLES OF SCIENCE FOR NURSES
250 _a2002
260 _a
_bBLACK WELL
_c2010
300 _a252
650 _aNULL
999 _c530939
_d530939